Bezirk Žilina - Tschechoslowakei die Stadt am Zusammenfluss von drei Flüssen

Bibliographic Details
Format: Book
Language:German
PhysicalDescription:[32] s. 8°
Published: Žilina Editionszentrum des Regierungsausschusses für Fremdenverkehr der SSR 1977

MARC

LEADER 00000nam a2200000 a 4500
001 vtls001279934
003 SK-MaSNL
005 20260223171553.0
008 210928s1977 xo 0 ger
035 |a SNK000231303 
040 |a SNK  |b slo  |c SNK  |e AACR2 
041 0 |a ger 
044 |a xo  |c SK 
245 1 0 |a Bezirk Žilina - Tschechoslowakei  |b die Stadt am Zusammenfluss von drei Flüssen 
260 |a Žilina  |b Editionszentrum des Regierungsausschusses für Fremdenverkehr der SSR  |c 1977 
300 |a [32] s.  |c 8° 
958 |a OND 
999 |c 627947  |d 629877 
952 |t P60, <03>, [BOOK], {603}  |a SNK  |b SNK  |y PREZ  |7 0  |o snkSC 41895  |i snkKSP 5165/77  |0 0  |1 0  |4 0  |d 1997-03-13  |l 0  |r 2005-01-02 00:00:00  |w 2026-02-23 
952 |a SNK  |b SNK  |y VYP  |7 0  |p 17A0748679  |o snkSC 41895 D1  |i snkKSP 5166/77  |8 0  |0 0  |1 0  |4 0  |d 1997-03-13  |l 0  |r 2005-01-02 00:00:00  |w 2026-02-23 
952 |a SNK  |b SNK  |y PREZ  |7 0  |p 17A0943980  |o snkSC 41895   |0 0  |1 0  |4 0  |d 2013-08-16  |l 0  |r 2025-10-17 00:00:00  |w 2026-02-23